| 000 | 02502 a2200277 4500 | ||
|---|---|---|---|
| 001 | 44841 | ||
| 005 | 20260407155723.0 | ||
| 008 | 260407a1995 arg spa d | ||
| 003 | AR-UNSa-BCEJYS | ||
| 040 |
_aAR-UNSa-BCEJYS _bspa _cAR-UNSa-BCEJYS |
||
| 080 |
_a339.9 _xEconomía internacional en general. Relaciones económicas internacionales. Economía mundial |
||
| 245 | 1 | 0 |
_aEconomía internacional _pteoría y política |
| 020 | _a978-84-481-1694-1 | ||
| 250 | _a3a. ed. | ||
| 264 | 1 |
_aMadrid : _bMcGraw-Hill _c1995 |
|
| 300 |
_axxxii, 962 p. _c24 cm. |
||
| 505 | _a1. Introducción - Parte I: Teoría del comercio internacional 2. Productividad del trabajo y ventaja comparativa: el modelo ricardiano – 3. Factores específicos y distribución de la renta – 4. Dotación de recursos y comercio: el modelo Heckscher-Ohlin – 5. El modelo estándar de comercio – 6. Economías de escala, competencia imperfecta y comercio internacional – 7. Los movimientos internacionales de factores – 8. Cuestiones de economía regional -- Parte II: 9. Los instrumentos de la política comercial – 10. La economía política de la política comercial – 11. La política comercial en los países en vías de desarrollo – 12. Política industrial en los países avanzados – Parte III: Los tipos de cambio y la macroeconomía de una economía abierta 13. La contabilidad nacional y la balanza de pagos – 14. Los tipos de cambio y el mercado de divisas: un enfoque de activos – 15. El dinero, los tipos de interés y los tipos de cambio – 16. El nivel de precios y el tipo de cambio a largo plazo – 17. El producto nacional y el tipo de cambio a corto plazo – 18. Los tipos de cambio fijos y la intervención en los mercados de divisas – Parte IV: La política macroeconómica internacional: 19. El sistema monetario internacional, 1870- 1973 – 20. La política macroeconómica y la coordinación con tipos de cambio flotantes – 21. Áreas monetarias óptimas y la experiencia europea – 22. El mercado global de capitales: funcionamiento y problemas de política económica – 23. Los países en vías de desarrollo: estabilización y reforma - | ||
| 041 | _aspa | ||
| 942 | _cBK | ||
| 590 | _aniveau_biblio:m niveau_hierar:0 | ||
| 100 | 1 | _aKrugman, Paul R. | |
| 700 | 1 | _aObstfeld, Maurice | |
| 700 | 1 | _aTugores Ques, Juan | |
| 700 | 1 | _aBernardos, Gonzalo | |
| 856 | 4 | 1 |
_uhttps://www.biblioeco.unsa.edu.ar/pmb/images/libros/L127000.jpg _yImagen de portada _qimage/jpeg |
| 999 |
_c3820 _d3820 |
||